Mehr-e-Doneem/ (Record no. 590778)

000 -LEADER
fixed length control field 00423nam a22001577a 4500
082 ## - DEWEY DECIMAL CLASSIFICATION NUMBER
Classification number 891.4391
Author Mark Ift
100 ## - MAIN ENTRY--PERSONAL NAME
Personal name Arif, Iftikhar
245 ## - TITLE STATEMENT
Title Mehr-e-Doneem/
Statement of responsibility, etc. Iftikhar Arif.
260 ## - PUBLICATION, DISTRIBUTION, ETC.
Place of publication, distribution, etc. Islamabad:
Name of publisher, distributor, etc. Poorab Academy,
Date of publication, distribution, etc. 2013.
300 ## - PHYSICAL DESCRIPTION
Extent 184p.
563 ## - BINDING INFORMATION
Binding note HB
650 ## - SUBJECT ADDED ENTRY--TOPICAL TERM
Topical term or geographic name entry element Urdu Literature
880 ## - ALTERNATE GRAPHIC REPRESENTATION
Linkage 100-01\(3\r
880 ## - ALTERNATE GRAPHIC REPRESENTATION
Linkage 245-02\(3\r
Title مہر دونیم /
b افتیخار عارف
942 ## - ADDED ENTRY ELEMENTS (KOHA)
Source of classification or shelving scheme
Koha item type Book
Holdings
Withdrawn status Lost status Source of classification or shelving scheme Damaged status Not for loan Permanent Location Current Location Shelving location Date acquired Source of acquisition Total Checkouts Full call number Barcode Checked out Date last seen Date last checked out Price effective from Koha item type
          Central Library (CL) Central Library (CL) Urdu Literature 08/04/2022 Received from Rector Secretariat 1 891.4391 IFT CL-D-1827 01/02/2024 12/03/2023 12/03/2023 08/05/2022 Book
© 2023 Central Library, National University of Sciences and Technology. All Rights Reserved.